000 00356nam a2200169Ia 4500
003 0100
008 130303s9999 xx 000 0 und d
040 _cARRUPELIB
050 _aPZ4.G954Or1976
100 _aGuest, Judith
245 _aOrdinary People
260 _aNY
260 _bBallantine Books
260 _C1976
300 _a245p
942 0 0 _01
999 _c29052
_d29052